00561nam a2200181 a 45000010010000000030011000100080041000210350026000620820016000881000020001042450031001242600056001556500031002119420012002429520090002549980020003449990015003640000-8753ELIB.Books110520 1965  a(ELIB.Books)0000-8899 a201.1 bTor aTorrance, T. F. aTheology in Reconstruction bGrand Rapids: Wm. B. Eerdmans Publishing Co. c1965 aPhilosophy of Christianity 2ddccBK 00102ddc4070aKBTSbKBTSd2011-05-20l0p1106r2022-01-22 00:00:00w2022-01-22yBK cbate2011-05-20 c8753d8753